01628 a2200193 45000010006000000050017000060080041000230030015000640400040000790800034001192450062001530200022002152640033002373000040002705050991003100410008013011000026013098560099013355927820260407155847.0260407a2018 arg spa dAR-UNSa-BCEJYS aAR-UNSa-BCEJYSbspacAR-UNSa-BCEJYS a342.9xDerecho Administrativo10aDerecho administrativopacto administrativo y reglamentos a978-987-706-238-0 1aBuenos Aires :bAstreac2018 a2 v.(xvi, 655 ; xv, 600 p.)c23 cm. aVol. I: 1. Ordenamiento jurídico - 2.Derecho público y derecho privado según la relación de justicia – 3. La regulación administrativa – 4. La relación jurídica administrativa – 5. Actividad jurígena y función jurídica constitucional – 6. Acto administrativo. Aproximación conceptual – 7. Derechos subjetivos e intereses legítimos – 8. Los derechos de incidencia colectiva – 9. Actos jurisdiccionales y actos de aplicación – 10. La discrecionalidad. Acto institucional y acto administrativo discrecional – 11. La discrecionalidad jurídica –Vol. II: 12. Los denominados caracteres del acto administrativo – 13. Los elementos del acto administrativo – 14. Cese del acto administrativo – 15. Vicios del acto administrativo. Nulidad y saneamiento – 16. Los decretos de necesidad y urgencia – 17. Los decretos de legislación delegada – 18. Los decretos ejecutivos presidenciales y los reglamentos administrativos de aplicación  aspa1 aBarra, Rodolfo Carlos41uhttps://www.biblioeco.unsa.edu.ar/pmb/images/libros/L129039.jpgyImagen de portadaqimage/jpeg